| 000 | 01502nam a2200241Ia 4500 | ||
|---|---|---|---|
| 003 | Ost | ||
| 005 | 20260507075211.0 | ||
| 008 | 260507s9999||||xx |||||||||||||| ||und|| | ||
| 040 | _cfsecg | ||
| 041 | _aara | ||
| 082 | _a330 | ||
| 100 |
_aالكحلي، يس عباس _eمؤلف |
||
| 245 | 0 |
_aمحاسبة الفنادق / _c يس عباس الكحلي |
|
| 260 |
_aعمان: _bدار زهران, _c2008 |
||
| 300 |
_a266 صفحة؛ _c24 سم |
||
| 490 |
_aسلسلة الكتب السياحية و الفندقية _v8 |
||
| 504 | _aمراجع ص.83 | ||
| 520 | _aالخصائص المميزة للنشاط الفندقي و المفاهيمالمحاسبية له ، تعريف المحاسبة و أهدافها ووظائفها ، أهم التقارير التي يوفرهاالنظام المحاسبي ، تحليل النسب و المعاملات المالية للنزلاء و كيفية تحديد سعر الاقامة و الوجبات اليومية في الفنادق ، مبادئ حسابات تكلفة الطعام و حسابات الاجور ، تسجيل عمليات الايرادات و المصروفات ، مقومات النظام المحاسبي الفندقي ، أنواع السجلات و الدفاتر الفندقية ، الدورة المستندية للحيابات الختامية الفندقية . | ||
| 653 | _aالفنادق ــ محاسبة | ||
| 653 | _aالمحاسبة | ||
| 653 | _aمحاسبة الشركات | ||
| 942 | _cكتاب | ||
| 999 |
_c43464 _d43464 |
||